Viajes por Marruecos / (Record no. 28283)

MARC details
000 -LEADER
campo de control de longitud fija 00809nam a2200241 i 4500
001 - NÚMERO DE CONTROL
campo de control 28283
003 - IDENTIFICADOR DE NÚMERO DE CONTROL
campo de control ES-MaACL
005 - FECHA Y HORA DE LA ÚLTIMA TRANSACCIÓN
campo de control 20250930063039.0
007 - CAMPO FIJO DE DESCRIPCIÓN FÍSICA--INFORMACIÓN GENERAL
campo de control de longitud fija t|
008 - DATOS DE LONGITUD FIJA--INFORMACIÓN GENERAL
campo de control de longitud fija 030116s1985 sp ||||1| spa d
020 ## - NÚMERO INTERNACIONAL ESTÁNDAR DEL LIBRO
Número Internacional Estándar del Libro 84-276-0675-3
100 1# - ENTRADA PRINCIPAL--NOMBRE DE PERSONA
Nombre de persona Ali Bey el Abbassi,
Fechas asociadas al nombre 1767-1822
9 (RLIN) 19912
245 10 - MENCIÓN DEL TÍTULO
Título Viajes por Marruecos /
Mención de responsabilidad, etc. Ali Bey ; edición preparada por Salvador Barberá.
260 ## - PUBLICACIÓN, DISTRIBUCIÓN, ETC.
Lugar de publicación, distribución, etc. Madrid :
Nombre del editor, distribuidor, etc. Editora Nacional,
Fecha de publicación, distribución, etc. 1985.
300 ## - DESCRIPCIÓN FÍSICA
Extensión 432 p. :
Otras características físicas il. ;
Dimensiones 21 cm.
490 1# - MENCIÓN DE SERIE
Mención de serie Clásicos para una biblioteca contemporánea ;
Designación de volumen o secuencia 37
500 ## - NOTA GENERAL
Nota general Indice.
651 #4 - PUNTO DE ACCESO ADICIONAL DE MATERIA--NOMBRE GEOGRÁFICO
Nombre geográfico Marruecos-
Subdivisión general Descripción.
9 (RLIN) 9025
700 1# - ENTRADA AGREGADA--NOMBRE PERSONAL
Nombre de persona Barberá, Salvador.
9 (RLIN) 25420
830 0# - PUNTO DE ACCESO ADICIONAL DE SERIE-TÍTULO UNIFORME
Título uniforme Clásicos para una biblioteca contemporánea ;
Designación de volumen o secuencia 37
9 (RLIN) 181899
852 ## - LOCALIZACIÓN
Ubicación ES-MaACL
Número de control de estantería L-8605
Sublocalización o colección R.109023
Holdings
Estatus retirado Estado de pérdida Estado de daño No para préstamo Biblioteca de origen Biblioteca actual Ubicación en estantería Fecha de adquisición Fuente de adquisición Total de préstamos Signatura topográfica completa Código de barras Visto por última vez Precio de reemplazo Tipo de ítem Koha
        Biblioteca del Ateneo de Madrid Biblioteca del Ateneo de Madrid Depósito 2 17/01/2008     L-8605 1029196 23/02/2023 23/02/2023 Libro impreso